00463 2200181 4500001002100000005001500021008004100036020002200077035001900099041000700118082001100125090001700136100001700153245002600170260002600196300003400222650002500256INLIS00000000000885820241224113724241224||||||||| | ||| |||| || |  a978-602-8136-13-6 0010-1224008858 aid0 a910.02 a910.02 JUW b0 aDebby Juwita00aBumi dan Alam Semesta aBandungbMitra Sarana a21x15 cm, vi, 90 hlm.; ilus.: 0aSejarah dan Geografi